| 000 | 00681nam a22002297a 4500 | ||
|---|---|---|---|
| 005 | 20170124105920.0 | ||
| 010 | _aA-779430 | ||
| 020 |
_a817387042 _c00.00 |
||
| 035 | _aA-779430 | ||
| 037 | _bCen Lib/Ret | ||
| 040 |
_aDPL _bEN |
||
| 082 |
_a631.52 _bSHA |
||
| 100 |
_aSharma, V. K. _94126 |
||
| 245 |
_aPlant nurseries : _cby V. K. Sharma _btechnique, production and management / |
||
| 260 |
_aNew Delhi _bIndus Publishing _c1996 |
||
| 270 |
_aFS-5, Tagore Garden _bNew Delhi _e110027 |
||
| 300 |
_a200p. _c22cm(Hb) |
||
| 650 |
_aGardening -- Horticulture _94127 |
||
| 650 |
_aFloriculture _94128 |
||
| 700 |
_a _971974 |
||
| 942 |
_2ddc _cEN _h631.52 _mSHA |
||
| 999 |
_c123098 _d123098 |
||